C is for curious / 2 if for dancing : (Record no. 103872)
[ view plain ]
| 000 -LEADER | |
|---|---|
| fixed length control field | 00818nam a2200205 a 4500 |
| 005 - DATE AND TIME OF LATEST TRANSACTION | |
| control field | 20140412111309.0 |
| 008 - FIXED-LENGTH DATA ELEMENTS--GENERAL INFORMATION | |
| fixed length control field | 010327s19uu xx 00 eng d |
| 020 ## - INTERNATIONAL STANDARD BOOK NUMBER | |
| International Standard Book Number | 0-8118-1078-X |
| 050 ## - LIBRARY OF CONGRESS CALL NUMBER | |
| Classification number | TR(PS E |
| Item number | C 1990 |
| 100 ## - MAIN ENTRY--PERSONAL NAME | |
| Personal name | Hubbard, Woodleigh |
| 245 ## - TITLE STATEMENT | |
| Title | C is for curious / 2 if for dancing : |
| Remainder of title | an A B C of feelings / a 1 2 3 of actions / |
| Statement of responsibility, etc | by Woodleigh Hubbard. |
| 260 ## - PUBLICATION, DISTRIBUTION, ETC. (IMPRINT) | |
| Place of publication, distribution, etc | San Francisco : |
| Name of publisher, distributor, etc | Chronicle Books, |
| Date of publication, distribution, etc | 1990. |
| 300 ## - PHYSICAL DESCRIPTION | |
| Extent | 64p. ; ill. ; 25.4x24.4.cm |
| 520 ## - SUMMARY, ETC. | |
| Summary, etc | Presents an alphabet of emotions, from angry to zealous./A counting book introducing different types of actions, from one unicorn dreaming to ten dogs riding a bicycle. |
| 650 ## - SUBJECT ADDED ENTRY--TOPICAL TERM | |
| Topical term or geographic name as entry element | Emotions - Juvenile literature |
| 650 ## - SUBJECT ADDED ENTRY--TOPICAL TERM | |
| Topical term or geographic name as entry element | Alphabet - Juvenile literature |
| 650 ## - SUBJECT ADDED ENTRY--TOPICAL TERM | |
| Topical term or geographic name as entry element | Counting |
| 650 ## - SUBJECT ADDED ENTRY--TOPICAL TERM | |
| Topical term or geographic name as entry element | Animals - Fiction |
| Withdrawn status | Lost status | Damaged status | Home library | Current library | Shelving location | Date acquired | Source of acquisition | Cost, normal purchase price | Total Checkouts | Full call number | Barcode | Date last seen | Price effective from | Koha item type |
|---|---|---|---|---|---|---|---|---|---|---|---|---|---|---|
| Elizalde Library | Elizalde Library | Teachers Reference Section | 03/27/2001 | 212.75 | TR(PS E C 1990 | E6043 | 04/12/2014 | 04/12/2014 | Books |